000 00400nam a2200169Ia 4500
001 9921
003 IN-NITTTR
005 20251114233052.0
008 251113s9999||||xx |||||||||||||| ||eng||
040 _beng
040 _cIN-NITTTR
041 _aeng
082 _a658.4 D472M
100 _aDessler, Gary.
245 0 _aManagement fundamentals :
_b a framework /
_cDessler, Gary.
942 _2ddc
_cBK
999 _c12558
_d12558